Statistics for Champions League Argentine Best Scorer by Year

Click here to take the quiz!

General Stats

  • This quiz has been taken 397 times
    (222 since last reset)
  • The average score is 7 of 16

Answer Stats

Scorer% Correct
Lionel Messi
100%
Lautaro Martínez
89%
Hernán Crespo
77%
Mauro Icardi
77%
Gabriel Batistuta
72%
Diego Simeone
59%
Giovanni Simeone
59%
Javier Zanetti
48%
Javier Saviola
39%
Lisandro López
27%
Claudio López
26%
Julio Cruz
26%
Santiago Solari
22%
Lucho González
17%
Claudio Caniggia
4%
Juan Borrelli
3%

Score Distribution

Percentile by Number Answered

Percent of People with Each Score

Your Score History

You have not taken this quiz since the last reset